000 00677nam a2200181Ia 4500
003 GCL
008 140319s9999 xx 000 0 ara d
040 _aGCL /
_cGCL
082 0 4 _a217.9
_bم ت
100 1 _aمحمد ابراهيم محمد الحفناوى
245 1 0 _aالتعارض والترجيح: عند الاوصولين رائدهم فى الفقه الاسلامى /
_cمحمد ابراهيم محمد الحفناوى
260 _a[S.N] :
_bدار الوفاء للطباعة والنشر والتوزيع ،
_c1987
300 _a430 ص
490 _a
650 0 4 _aالاسلام
650 0 4 _aحركات الاصلاح والتجديد
942 _2ddc
_cBK
999 _c54500
_d54500